Normal view
MARC view
- American Chemical Society.
Entry Corporate Name
001 - CONTROL NUMBER
- control field: 101076
003 - CONTROL NUMBER IDENTIFIER
- control field: NUST
005 - DATE AND TIME OF LATEST TRANSACTION
- control field: 20221021102302.0
008 - FIXED-LENGTH DATA ELEMENTS
- fixed length control field: 221021|| aca||aabn | a|a d
040 ## - CATALOGING SOURCE
- Original cataloging agency: NUST
- Transcribing agency: NUST
110 ## - HEADING--CORPORATE NAME
- Corporate name or jurisdiction name as entry element: American Chemical Society.
- Subordinate unit: Division of Polymeric Materials: Science and Engineering
670 ## - SOURCE DATA FOUND
- Source citation: Work cat.: (NUST)182977: Ratner,Mark 101072, Nanotechnology :, 2003.
